• 首页
  • 本馆介绍
  • 公告通知
  • 最新文献
  • 馆藏检索
  • 电子资源
  • 读者导购
  • 参考咨询
  • 我的图书馆
  • 登录
  • 详细信息显示
  • 放入我的书架
  • 预约/预借图书
  • 作者相关作品
  • 分类相关作品
  • 丛书相关作品
  • 出版社相关作品

书目信息

  • 表格格式
  • 工作单格式
  • 卡片格式
题名:
非线性与量子光学从理论到实验
    
 
作者: 张修兴 , 李芳菊 菊著
分册:  
出版信息: 长春   东北师范大学出版社  2019.9
页数: 197页
开本: 24cm
丛书名:
单 册:
中图分类: O431.2-33
科图分类:
主题词: 非线性--量子光学--实验
电子资源:
ISBN: 978-7-5681-6241-8
000 01039nam0 2200241 45
001 012001000022
005 20131104151011.0
010    @a978-7-5681-6241-8@dCNY58.00
100    @a20190904d2019 em y0chiy0110 ea
101 0  @achi
102    @aCN@b220000
105    @ay z 000yy
106    @ar
200 1  @a非线性与量子光学从理论到实验@Afei xian xing yu liang zi guang xue cong li lun dao shi yan@f张修兴,李芳菊著
210    @a长春@c东北师范大学出版社@d2019.9
215    @a197页@d24cm
330    @a本书从非线性介质波传播的数学方面讨论入手,对典型非线性方程、光与物质相互作用的经典与量子理论、非线性极化展开、激光震荡理论、光的相干统计、激光偏转原子束等内容进行了系统性论述,力求内容翔实、新颖、全面。希望本书的撰写能够对我国非线性光学及量子光学的发展起到正面作用,也希望本书能够帮助到跟多的相关专业求学人员。
606 0  @a非线性@x量子光学@x实验
690    @aO431.2-33@v5
701  0 @a张修兴@Azhang xiu xing@4菊著
701  0 @a李芳菊@Ali fang ju@4著
801  0 @aCN@b北京卓展文化@c20191020
905    @b1195074-7@dO431.2-33@e146@f4
    
    非线性与量子光学从理论到实验/张修兴,李芳菊著.-长春:东北师范大学出版社,2019.9
    197页;24cm
    
    
    ISBN 978-7-5681-6241-8:CNY58.00
    本书从非线性介质波传播的数学方面讨论入手,对典型非线性方程、光与物质相互作用的经典与量子理论、非线性极化展开、激光震荡理论、光的相干统计、激光偏转原子束等内容进行了系统性论述,力求内容翔实、新颖、全面。希望本书的撰写能够对我国非线性光学及量子光学的发展起到正面作用,也希望本书能够帮助到跟多的相关专业求学人员。
●
相关链接 在E读中查询图书 在五车中查询图书 在当当中查询图书 在豆瓣中查询图书


正题名:非线性与量子光学从理论到实验     索取号:O431.2-33/146         预约/预借

序号 登录号 条形码 馆藏地/架位号 状态 备注
1 1195074   211950744   第二样本阅览室/ [索取号:O431.2-33/146] 在馆    
2 1195075   211950753   第三借阅区/ [索取号:O431.2-33/146] 在馆    
3 1195076   211950762   第三借阅区/ [索取号:O431.2-33/146] 在馆    
4 1195077   211950771   第三借阅区/ [索取号:O431.2-33/146] 在馆    
唐山师范学院图书馆 欢迎您!
大连网信软件有限公司© 版权所有